000 00808nam a2200157 4500
008 708 EL48t
020 _a3775711562
082 _a708
_bEL48t
100 _aElmgreen, Michael
_96968
245 _aTaking place:
_bThe works f Michael Elmgreen & Ingar Dragset
260 _aAlemania
_bDanish Contemporary Art Foudation
_c2002
300 _a148 p.
_bil (col)
_c24,5 x 19 cm
505 _tVorwort / Preface
_tTaking Place
_rBeatrix Ruf
_tTransformierende Handlungen / Transformational Acts. An interview with Michael Elmgreen and Ingar Dragset
_rCoco Fusco
_tArbeit am White cube / Work on the White Cube
_rDan Cameron
_tBiografie & Bibliografie / Biography & Bibliography
650 _xarte contemporáneo
_xarte - exhibiciones
_xcatálogo de exhibición
_xarte - instalación
_96969
700 _aDragset, Ingar
_96970
999 _c1753
_d1753